| 000 | 01604nam a2200361 a 4500 | ||
|---|---|---|---|
| 003 | BLK | ||
| 005 | 20241012144014.0 | ||
| 008 | 240610b bul|||||r ||||||| ||bul|| | ||
| 020 | _a9789547695481 | ||
| 040 | _aBLK | ||
| 041 |
_aBUL _cBUL |
||
| 080 |
_aНервна система. Сетивни органи _b612.8 _z612.8 |
||
| 080 |
_aСетивно познание. Усещания и възприятия _b159.93 _z159.93 _9238475 |
||
| 080 |
_aВисши психически процеси _b159.95 _z159.95 _9229399 |
||
| 100 | 1 |
_aГупта, Санджей _9327625 |
|
| 245 | 1 | 0 |
_a12 седмици за по-буден ум _bПрограма. Как да развиваме ума си на всяка възраст _cСанджей Гупта, Кристин Лобърг; прев. от англ. Надежда Розова. |
| 257 | _aUSA | ||
| 260 |
_aСофия _bОбсидиан _c2023 _9209460 |
||
| 300 |
_a232 с. _c20 см |
||
| 380 | _a61 | ||
| 500 | _aОриг. загл. 12 weeks to a sharper you/ Sanjay Gupta. | ||
| 650 | 7 |
_9163155 _aНавици |
|
| 653 | 7 |
_aконтрол на ума _9189112 |
|
| 700 | 1 |
_aЛобърг, Кристин _eсъавт. _989323 |
|
| 700 |
_aРозова, Надежда Иванова _91021 _eпрев. от англ. |
||
| 852 | _c612.8/Г 92 С | ||
| 852 |
_aЦб 323086 _bЦб |
||
| 856 | 4 |
_qpdf _i0.00 _ldisable |
|
| 856 | 4 |
_qpdf _i0.00 _ldisable |
|
| 942 |
_cKNG _n0 _06 _s1 |
||
| 944 |
_aCR _c2023-04-26 _k30550 _lКети Илиева |
||
| 999 |
_c490628 _d490628 |
||